| 000 | 01893cab a22003015a 4500 | ||
|---|---|---|---|
| 001 | L140216 | ||
| 008 | 070912e20070907xxk f 000 0 eng d | ||
| 035 | _a(Sirsi) u140216 | ||
| 041 | 0 | _aeng | |
| 100 | 1 | _aRedpath-Stevens, Alastair | |
| 245 | 0 | 0 | _aHMO sweet HMO |
| 260 | _c2007 | ||
| 490 |
_aSolicitors' Journal _v151(33) 7 September 2007, 1114-1116(2) |
||
| 520 | _aExplains why landlords who let to students should be aware of changes to the definition of houses in multiple occupation (HMOs) by the Housing Act 2004. This has returned most student accommodation to HMO status. Lists five tests which are applied to accommodation to determine whether it is classed as HMO and details exemptions. Details the property management responsibilities which apply to landlords of HMOs and the responsibilities of tenants in return. Details HMO licensing requirements. | ||
| 590 | _aKA | ||
| 650 | 2 | 4 | _aBARNES V SHEFFIELD CITY COUNCIL |
| 650 | 2 | 4 | _aHOUSING ACT 2004 |
| 650 | 2 | 4 | _aHOUSES IN MULTIPLE OCCUPATION (SPECIFIED EDUCATIONAL ESTABLISHMENTS) (ENGLAND) 2007 |
| 650 | 2 | 4 | _aHOUSING (APPROVAL OF CODES OF MANAGEMENT PRACTICE) (STUDENT ACCOMMODATION) (ENGLAND) ORDER 2006 |
| 650 | 2 | 4 | _aMANAGEMENT OF HOUSES IN MULTIPLE OCCUPATION (ENGLAND) REGULATIONS 2006 |
| 650 | 2 | 4 | _aLICENSING AND MANAGEMENT OF HOUSES IN MULTIPLE OCCUPATION (ADDITIONAL PROVISIONS) (ENGLAND) REGULATIONS 2007 |
| 650 | 2 | 4 | _aLICENSING OF HOUSES IN MULTIPLE OCCUPATION (PRESCRIBED DESCRIPTIONS) (ENGLAND) ORDER 2006 |
| 650 | 2 | 4 | _aHOUSES IN MULTIPLE OCCUPATION (CERTAIN CONVERTED BLOCKS OF FLATS) (MODIFICATIONS TO THE HOUSING ACT 2004 AND TRANSITIONAL PROVISIONS FOR SECTION 257 HMOS) (ENGLAND) REGULATIONS 2007 |
| 651 | 4 |
_aEngland _y886- |
|
| 690 | _aPROPERTY-RESIDENTIAL PROPERTY-RESIDENTIAL LANDLORD AND TENANT | ||
| 690 | _aPROPERTY-RESIDENTIAL PROPERTY-RESIDENTIAL PROPERTY MANAGEMENT | ||
| 942 | _n0 | ||
| 999 |
_c79239 _d79239 |
||